Pays à 3 syllabes commençant par les lettres C, D, E, G et H. - Statistiques

Statistiques générales
  • Ce quiz a été pris 48 fois
  • Le résultat moyen est 11 sur 15
Statistiques - réponses
Hint Réponse % Correct
D Danemark
100%
H Honduras
90%
C Canada
88%
E Erythrée
83%
E Estonie
83%
D Djibouti
80%
C Colombie
78%
E Ethiopie
78%
G Géorgie
75%
C Croatie
68%
H Haïti
55%
C Cameroun
53%
E Equateur
50%
D Dominique
48%
G Guyana
38%
Aucun quiz correspondant
Distribution des résultats
% des personnes avec chaque résultat
Percentile par nombre de réponses
Votre historique - résultats
Vous n’avez pas pris ce quiz